000 00398nam a2200157Ia 4500
005 20241107023339.0
008 240331s9999 xx 000 0 und d
020 _a9789550000029
082 _bGUN
_a823
100 _aGunaratne,H
245 4 _aThe sucide club
260 _aAhangama
_bSri Serendipity Publishing House
300 _a269 p .,
500 _aA Virgin Tea Planters journey
942 _cL
999 _c5649
_d5649